00739nam a2200193 i 450000100060000000300090000600500170001500700030003200800410003508000280007608000280010424501720013226000750030430000210037965000390040065000340043971000390047385200330051267668ES-MaACL20230906170127.0t|040609s2003 sp ||||1| spa d a821.134.2-32"19"(082.2) a821.134.2-14"19"(082.2)00aVII Premio de Poesía Rincón Poético. XIII Premio de Relatos Cortos. XVI Pregón de la Feria de la Manzanilla b: Ateneo de Sanlúcar, Sanlúcar de Bda., 2003. aSanlúcar de Barrameda : bAteneo de Sanlúcar de Barrameda, c2003. a87 p. ; c21 cm. 4aNovelas cortas españolas-yS.XX. 4aPoesías españolas-yS.XX.2 aAteneo de Sanlúcar de Barrameda. aES-MaACLjL-27889 bR.133480